50 bones pràctiques en els nous usos socials del temps a l'administració local i l'empresa / autora: Paula Mattio Lastra Paula Mattio Lastra
Descripción Física:
99 p. : quadres ; 29 cm
MARC
| LEADER | 00000nam a2200000Ia 4500 | ||
|---|---|---|---|
| 001 | 21337 | ||
| 008 | 160829s2006 xx 000 0 cat d | ||
| 080 | |a M-6-180 | ||
| 100 | |a Mattio Lastra, Paula |9 2253 | ||
| 245 | |a 50 bones pràctiques en els nous usos socials del temps a l'administració local i l'empresa / autora: |b Paula Mattio Lastra | ||
| 260 | |a Barcelona : |b Diputació de Barcelona. Àrea d'Igualtat i Ciutadania, |c 2006 | ||
| 300 | |a 99 p. : |b quadres ; |c 29 cm | ||
| 590 | |a Bibliografia. | ||
| 590 | |a Títol variant: Cinquanta bones pràctiques en els nous usos socials del temps a l'administració local i l'empresa | ||
| 650 | |a Temps |x Organització |x Manuals, guies, etc |9 43158 | ||
| 650 | |a Temps de treball |9 43159 | ||
| 710 | |a Barcelona (Catalunya : Província). |b Àrea d'Igualtat i Ciutadania |9 7840 | ||
| 901 | |a Arxiu | ||
| 942 | |n 1 | ||
| 952 | |0 0 |1 0 |4 0 |6 M6180 |7 1 |9 51907 |a Arxiu |b Arxiu |d 2016-12-01 |l 0 |o M-6-180 |p 21337 |r 2016-12-01 00:00:00 |w 2016-12-01 |y ARXIU | ||
| 999 | |c 55753 |d 55753 | ||